000 00681cam a22002413a 4500
001 19613
003 PGUSA
005 20140828083421.0
008 061024s2006||||xxu|||||s|||||000 | eng d
040 _aPGUSA
_beng
042 _adc
050 4 _aBT
100 1 _aHarnack, Adolf von,
_d1851-1930
245 1 0 _aHistory of Dogma, Volume 2
_h[electronic resource] /
_cAdolf von Harnack
260 _bProject Gutenberg,
_c2006
506 _aPublic domain in the USA.
516 _aElectronic text
653 _aTheology, Doctrinal -- History
700 1 _aBuchanan, Neil
830 0 _aProject Gutenberg
_v19613
856 4 0 _uhttp://www.gutenberg.org/ebooks/19613
942 _cEB
999 _c248868
_d248868